000 00310nam a22001337a 4500
008 171024b xxu||||| |||| 00| 0 eng d
020 _a9780321023414
041 _aeng
080 _23 ED
_a311
100 _a55
101 _aSTA
245 _aREADING STATISTICS AND RESEARCH
_cHUCK.S.W
942 _2udc
_cBK
999 _c35702
_d35702